000 01268nam a2200325 a 4500
001 vtls001094760
003 NLI
005 20210603115522.0
008 120324s1953 ii 000 p hin
020 _cRs. 6.00
039 9 _y201203241807
_zVLOAD
040 _aNLI
_bhineng
_cDatasoft_Hindi
_eAACR2
041 0 _ahin
044 _a ii
082 0 4 _a 891.4318
100 1 _6880-01
_aसिंह, राजेश्वरप्रसाद नारायण
_9596368
245 1 0 _6880-02
_aअमृत प्रभा /
_cराजेश्वरप्रसाद नारायण सिंह
260 _aकलकत्ता :
_bवीणापाणी प्रकाशन,
_c1953
300 _a42 p. ;
_c18 cm.
500 _aLibrary has 2 cops.
650 0 _aHindi poetry
_y19th century
_9278392
880 1 _6100-01(B
_aSiṁha, Rājeśvaraprasāda Nārāyaṅa
880 1 0 _6245-02(B
_aAmṛta prabhā /
_cRājeśvaraprasāda Nārāyaṅa Siṁha
887 _a Chittojit 08.09.2011 (Sandeep Singh 19.09.2011)
901 _a2931
_b07.09.1956
_9c.2
902 _aH 891.4318 Si 753 a
904 _cChittojit 08.09.2011 (Sandeep Singh 19.09.2011)
_lD 13628
942 _2ddc
_cBKS
949 _AVIRTUAITEM
_D10000
_X100
_6DBA000002931HIN
999 _aVIRTUA40
_c384591
_d384591